Представление документа в формате RUSMARC

ПолеНазваниеЗначение
  Тип записи a
  Библиографический уровень m
001 Контрольный номер 76224120-ed8f-4c69-ae2f-d27e9f6d66ad
005 Дата корректировки 20140820192402.1
100 Данные общей обработки __
a Данные общей обработки 20101213 |||y0 y0189 ca
101 Язык документа __
a Язык текста rus
105 Кодированные данные (монография) __
a Кодированные данные (монография) zy
200 Заглавие и сведения об ответственности 0_
a Заглавие Правовое обеспечение профессиональной деятельности[текст]
e Сведения, относящиеся к заглавию Рабочая программа
f Первые сведения об ответственности И. В. Кокурина
210 Выходные данные __
a Место издания РУК
c Издательство М.
d Дата издания 2010 г.
215 Физическое описание __
a Объем 18 с.
606 Тематические рубрики __
a Основная рубрика Правоведение
x Основная подрубрика Правоведение
610 Ключевые слова __
a Ключевые слова Административные правонорушения и административная ответственность
a Ключевые слова Защита нарушенных прав и судебный порядок разрешения споровПравовое регулирование договорных отношений
675 Индекс УДК __
a Индекс УДК 347.73
686 Индексы других классификаций __
a Классификационный индекс 67.622
2 Код системы rubbk
700 Автор _1
a Фамилия Кокурина
b Имя И. В.
852 Данные о местонахождении __
h Классификационный индекс 34
i Авторский знак К 59
899 Данные о местонахождении __
b Место хранения УчФ
t Номер экземпляра 1
h Классификационная часть РШ 34
i Авторский знак К 59
901 Тип документа __
t Тип документа m
938 Служебная информация __
a Название организации Краснодарский филиал
b Имя БД Методические пособия
c Название АИБС АИБС Библиотека